Sports Quiz

Random Sports or Soccer Quiz

Premier League Scores 2014/15 Week 19 Quiz Stats

 Plays Quiz not verified by Sporcle

Score 0/10 Timer 01:00
0 Plays Today
Home Team Score Line % Correct
Tottenham0-0
93.3%
Southampton1-1
90%
Manchester City2-2
83.3%
Aston Villa0-0
80%
QPR0-0
76.7%
West Ham1-2
76.7%
Hull0-1
73.3%
Stoke2-0
73.3%
Liverpool4-1
73.3%
Newcastle3-2
70%

You're not logged in!

Compare scores with friends on all Sporcle quizzes.
OR
Log In

Sporcle TV

Today on Sporcle TV


Watch our educational content, quiz creation guides, and fun videos on Sporcle TV.

Show Comments

Extras

Top Quizzes Today


Score Distribution

Your Account Isn't Verified!

In order to create a playlist on Sporcle, you need to verify the email address you used during registration. Go to your Sporcle Settings to finish the process.

Report this User

Report this user for behavior that violates our Community Guidelines.

Details: